Septiembre rumano / (Record no. 180259)
[ view plain ]
| 000 -LEADER | |
|---|---|
| campo de control de longitud fija | 00873nam a2200253 i 4500 |
| 001 - NÚMERO DE CONTROL | |
| campo de control | 180259 |
| 003 - IDENTIFICADOR DE NÚMERO DE CONTROL | |
| campo de control | ES-MaACL |
| 005 - FECHA Y HORA DE LA ÚLTIMA TRANSACCIÓN | |
| campo de control | 20230906221036.0 |
| 008 - DATOS DE LONGITUD FIJA--INFORMACIÓN GENERAL | |
| campo de control de longitud fija | 120521s2010 sp ao |||| | spa d |
| 020 ## - NÚMERO INTERNACIONAL ESTÁNDAR DEL LIBRO | |
| Número Internacional Estándar del Libro | 978-84-613-9493-7 |
| 080 ## - NÚMERO DE LA CLASIFICACIÓN DECIMAL UNIVERSAL | |
| Número de la Clasificación Decimal Universal | 77 Oñoro, José Manuel |
| 100 1# - ENTRADA PRINCIPAL--NOMBRE DE PERSONA | |
| Nombre de persona | Oñoro, José Manuel. |
| 9 (RLIN) | 150063 |
| 245 10 - MENCIÓN DEL TÍTULO | |
| Título | Septiembre rumano / |
| Mención de responsabilidad, etc. | fotografías de José Manuel Oñoro. |
| 250 ## - MENCION DE EDICION | |
| Mención de edición | 1ª ed. |
| 260 ## - PUBLICACIÓN, DISTRIBUCIÓN, ETC. | |
| Lugar de publicación, distribución, etc. | [Hoyo de Manzanares, Madrid] : |
| Nombre del editor, distribuidor, etc. | J.M. Oñoro, |
| Fecha de publicación, distribución, etc. | 2010 ( |
| Fabricante | Martosa, soluciones gráf.) |
| 300 ## - DESCRIPCIÓN FÍSICA | |
| Extensión | 34 p. : |
| Otras características físicas | principalmente il. col., fot. ; |
| Dimensiones | 14 x 14 cm. |
| 490 1# - MENCIÓN DE SERIE | |
| Mención de serie | Rumanía, noticias del mundo |
| 500 ## - NOTA GENERAL | |
| Nota general | Índice de fotografías. |
| 600 14 - PUNTO DE ACCESO ADICIONAL DE MATERIA--NOMBRE DE PERSONA | |
| Nombre de persona | Oñoro, José Manuel. |
| 9 (RLIN) | 150063 |
| 651 #4 - PUNTO DE ACCESO ADICIONAL DE MATERIA--NOMBRE GEOGRÁFICO | |
| Nombre geográfico | Rumanía- |
| Subdivisión de forma | Obras ilustradas. |
| 9 (RLIN) | 174079 |
| 830 1# - PUNTO DE ACCESO ADICIONAL DE SERIE-TÍTULO UNIFORME | |
| Título uniforme | Rumanía, noticias del mundo |
| 9 (RLIN) | 224621 |
| 852 4# - LOCALIZACIÓN | |
| Ubicación | ES-MaACL |
| Número de control de estantería | 2297-F-52 |
| Estatus retirado | Estado de pérdida | Estado de daño | No para préstamo | Colección | Biblioteca de origen | Biblioteca actual | Ubicación en estantería | Fecha de adquisición | Fuente de adquisición | Total de préstamos | Signatura topográfica completa | Código de barras | Visto por última vez | Precio de reemplazo | Tipo de ítem Koha |
|---|---|---|---|---|---|---|---|---|---|---|---|---|---|---|---|
| Colección de folletos | Biblioteca del Ateneo de Madrid | Biblioteca del Ateneo de Madrid | Depósito folletos | 21/05/2012 | 2297-F-52 | 1189407 | 23/02/2023 | 23/02/2023 | Folleto |
